Normal view
MARC view
- ORGANIZATIONS IMPROVEMENT, ORGANIZATIONAL BEHAVIORA
Entry Topical Term
001 - CONTROL NUMBER
- control field: 62891
003 - CONTROL NUMBER IDENTIFIER
- control field: NUST
005 - DATE AND TIME OF LATEST TRANSACTION
- control field: 20210628203021.0
008 - FIXED-LENGTH DATA ELEMENTS
- fixed length control field: 210628|| aca||aabn | a|a d
040 ## - CATALOGING SOURCE
- Original cataloging agency: NUST
- Transcribing agency: NUST
150 ## - HEADING--TOPICAL TERM
- Topical term or geographic name entry element: ORGANIZATIONS IMPROVEMENT, ORGANIZATIONAL BEHAVIORA
670 ## - SOURCE DATA FOUND
- Source citation: Work cat.: (NUST): French, Wendell L Bell, Cecil H 62890, Organization development, behavioral science interventions for organizations improvement, 2001
